000 00746nam a2200217Ia 4500
003 OSt
005 20260323155928.0
008 220909b |||||||| |||| 00| 0 eng d
037 _cReference Collections
040 _aCSL
_beng
_cCSL
041 _aeng
084 _aL:440bJ:438:5 N1.1 RR
_qCSL
245 0 _aHandbook of Pesticide Toxicology
260 _aNew York:
_b Academic ,
_c1991.
300 _a1v. (xxi, 496p.)
_b: ill.
650 _aPesticide-Toxicology
_91137652
700 _aLaws, Edward R.
_eeditor.
_91137654
700 _aHayes, wayland J.
_eeditor.
_91137653
942 _hL:440bJ:438:5 N1.1 RR
_cREF
_2CC
999 _c69805
_d69805